书目信息 |
| 题名: |
宇宙大揭密
|
|
| 作者: | 雷元星 著 | |
| 分册: | ||
| 出版信息: | 成都 四川科学技术出版社 1998 |
|
| 页数: | 10,176页 | |
| 开本: | 20cm | |
| 丛书名: | ||
| 单 册: | ||
| 中图分类: | P159-49 | |
| 科图分类: | ||
| 主题词: | 宇宙学--普及读物 | |
| 电子资源: | ||
| ISBN: | 7-5364-3895-8 | |
| 000 | 00777nam0 2200241 450 | |
| 001 | 1573866945 | |
| 005 | 20150119144215.51 | |
| 010 | @a7-5364-3895-8@dCNY9.80 | |
| 100 | @a20021005d1998 kemy0chiy0110 ea | |
| 101 | 0 | @achi |
| 102 | @aCN@b510000 | |
| 105 | @ay z 000yy | |
| 200 | 1 | @a宇宙大揭密@9yu zhou da jie mi@e重新认识宏观宇宙@e再度审视微观宇宙@f雷元星著 |
| 210 | @a成都@c四川科学技术出版社@d1998 | |
| 215 | @a10,176页@d20cm | |
| 510 | 1 | @aThe universe discovery@zeng |
| 517 | 1 | @a重新认识宏观宇宙@9chong xin ren shi hong guan yu zhou |
| 517 | 1 | @a再度审视微观宇宙@9zai du shen shi wei guan yu zhou |
| 606 | 0 | @a宇宙学@x普及读物 |
| 690 | @aP159-49@v5 | |
| 701 | 0 | @a雷元星@9lei yuan xing@f(1951.8~)@4著 |
| 801 | 0 | @aCN@bTSSF@c20150119 |
| 905 | @aZUCC@dP1@eJY1 | |
| 宇宙大揭密:重新认识宏观宇宙:再度审视微观宇宙/雷元星著.-成都:四川科学技术出版社,1998 |
| 10,176页;20cm |
| ISBN 7-5364-3895-8:CNY9.80 |
| ● |
| 相关链接 |
|
|
|
|
正题名:宇宙大揭密
索取号:P1/JY1
 
预约/预借
| 序号 | 登录号 | 条形码 | 馆藏地/架位号 | 状态 | 备注 |
| 1 | 7848120 | 278481206 | 学院路分馆/ [索取号:P1/JY1] | 在馆 | |
| 2 | 7851530 | 278515304 | 学院路分馆/ [索取号:P1/JY1] | 在馆 | |
| 3 | 7853065 | 278530653 | 学院路分馆/ [索取号:P1/JY1] | 在馆 |